|
|
|
|
| LEADER |
00000nab a2200000 a 4500 |
| 001 |
vtls000813601 |
| 003 |
SK-MaSNL |
| 005 |
20260303210225.0 |
| 008 |
160314c2002 xo 0 slo |
| 015 |
|
|
|a SNBRB2002/11-35791
|
| 035 |
|
|
|a CLN000165256
|
| 040 |
|
|
|a SNKBUCL
|b slo
|c SNKBUCL
|e AACR2
|
| 041 |
0 |
|
|a slo
|
| 044 |
|
|
|a xo
|c SK
|
| 080 |
|
|
|a 82:929:885.4
|2 UDC-MRF-SK2
|
| 080 |
|
|
|a 885.4:929
|2 UDC-MRF-SK2
|
| 080 |
|
|
|a 07-051(437.6)
|2 UDC-MRF-SK2
|
| 100 |
1 |
|
|a Obertová, Jana,
|d 1958-
|4 ain
|9 230543
|
| 245 |
1 |
0 |
|a O Bátoričke sa mi zatiaľ nesníva
|b rozhovor s publicistom a spisovateľom Andrejom Štiavnickým
|c pripravila Jana Obertová
|
| 300 |
|
|
|b Fotogr.
|
| 600 |
1 |
7 |
|a Štiavnický, Andrej,
|d 1963-2023
|2 snkbucl
|9 209815
|
| 700 |
1 |
|
|a Štiavnický, Andrej,
|d 1963-2023
|4 aut
|4 uin
|9 209815
|
| 773 |
0 |
|
|x 1210-1982
|t Knižná revue
|g Roč. 12, č. 23 (2002), s. 12
|
| 850 |
|
|
|a Slovenská národná knižnica v Martine
|
| 852 |
|
|
|a SNK
|b KIS3GCP
|
| 958 |
|
|
|a LX
|
| 958 |
|
|
|a SK
|
| 958 |
|
|
|a RBX
|
| 999 |
|
|
|c 2199331
|d 2201261
|